000 00850nam a22001697a 4500
005 20241204143753.0
008 230715b ||||| |||| 00| 0 eng d
040 _cSSBUL
082 _223
_a၃၂၄.၂၀၉၅၉၁ ပါ
_b၁၆၀၇၂ (S-SAT)
245 _aပါတီတွင်း ဆွေးနွေးပွဲမှတ်စုများ /
260 _c၁၉၆၈။
_bစာပေဗိမာန်ပုံနှိပ်တိုက်၊
300 _a၁၂၃ စာမျက်နှာ၊
_c၂၁ စင်တီ။
500 _aS-SAT: Dr. Sai Aung Tun Collection
650 _aနိုင်ငံရေးပါတီများ
_zမြန်မာနိုင်ငံ။
_927802
650 _aမြန်မာ့ဆိုရှယ်လစ်လမ်းစဉ်ပါတီ။
_927833
942 _2ddc
_cBK1
999 _c27257
_d27257